[Event "XIII Open Internacional Marques de Pombal"]
[Site "EXPOCENTRO - POMBAL"]
[Date "2022.10.09"]
[Round "6.1"]
[White "Khamrakulov, Ibragim S."]
[Black "Ferreira, Hugo Miguel da Costa"]
[Result "1/2-1/2"]
[BlackElo "2101"]
[WhiteElo "2421"]
[LiveChessVersion "1.4.8"]

1. e4 {[%clk 1:30:59]} c5 {[%clk 1:30:52]} 2. c3 {[%clk 1:30:34]} e6
{[%clk 1:31:15]} 3. Nf3 {[%clk 1:30:29]} Nf6 {[%clk 1:31:36]} 4. e5
{[%clk 1:30:30]} Nd5 {[%clk 1:31:56]} 5. Bc4 {[%clk 1:30:47]} Nc6
{[%clk 1:32:16]} 6. O-O {[%clk 1:31:07]} d6 {[%clk 1:32:41]} 7. d4
{[%clk 1:31:26]} cxd4 {[%clk 1:33:03]} 8. cxd4 {[%clk 1:31:48]} Be7
{[%clk 1:33:21]} 9. Qe2 {[%clk 1:25:12]} O-O {[%clk 1:33:40]} 10. Qe4
{[%clk 1:25:15]} Ndb4 {[%clk 1:27:24]} 11. exd6 {[%clk 1:24:30]} Qxd6
{[%clk 1:15:40]} 12. Bf4 {[%clk 1:11:27]} Qd8 {[%clk 1:13:45]} 13. a3
{[%clk 1:10:24]} Na5 {[%clk 1:01:38]} 14. Bb5 {[%clk 0:35:56]} 1/2-1/2

[Event "XIII Open Internacional Marques de Pombal"]
[Site "EXPOCENTRO - POMBAL"]
[Date "2022.10.09"]
[Round "6.2"]
[White "Farias, David Nuno M E"]
[Black "Goncalves, Lucas Jordao"]
[Result "1/2-1/2"]
[BlackElo "1849"]
[WhiteElo "1863"]
[LiveChessVersion "1.4.8"]

1. e4 {[%clk 1:30:58]} e5 {[%clk 1:30:58]} 2. Nf3 {[%clk 1:31:22]} Nc6
{[%clk 1:31:20]} 3. Bb5 {[%clk 1:31:43]} a6 {[%clk 1:31:43]} 4. Ba4
{[%clk 1:32:12]} Nf6 {[%clk 1:32:00]} 5. O-O {[%clk 1:32:33]} Be7
{[%clk 1:32:28]} 6. Re1 {[%clk 1:32:59]} b5 {[%clk 1:32:55]} 7. Bb3
{[%clk 1:33:22]} d6 {[%clk 1:33:22]} 8. c3 {[%clk 1:32:08]} Na5 {[%clk 1:33:10]}
9. Bc2 {[%clk 1:29:53]} c5 {[%clk 1:33:31]} 10. d4 {[%clk 1:25:46]} Qc7
{[%clk 1:33:48]} 11. h3 {[%clk 1:24:56]} O-O {[%clk 1:34:10]} 12. Nbd2
{[%clk 1:24:52]} Bd7 {[%clk 1:34:10]} 13. Nf1 {[%clk 1:24:34]} cxd4
{[%clk 1:34:35]} 14. cxd4 {[%clk 1:25:00]} Rac8 {[%clk 1:34:56]} 15. Bd3
{[%clk 1:21:31]} Nc6 {[%clk 1:34:18]} 16. Bb1 {[%clk 1:05:15]} a5
{[%clk 1:23:28]} 17. Ne3 {[%clk 0:57:09]} Qa7 {[%clk 1:15:47]} 18. d5
{[%clk 0:34:56]} Nb4 {[%clk 1:15:42]} 19. Bd2 {[%clk 0:34:26]} Na6
{[%clk 1:10:37]} 20. Nf5 {[%clk 0:26:57]} Bxf5 {[%clk 1:04:52]} 21. exf5
{[%clk 0:27:26]} Nxd5 {[%clk 1:03:59]} 22. Bxa5 {[%clk 0:25:37]} Nf6
{[%clk 0:56:36]} 23. g4 {[%clk 0:22:22]} e4 {[%clk 0:55:21]} 24. Nd4
{[%clk 0:21:15]} Rc4 {[%clk 0:39:38]} 25. Nxb5 {[%clk 0:18:59]} Qc5
{[%clk 0:40:01]} 26. a4 {[%clk 0:18:26]} e3 {[%clk 0:39:19]} 27. fxe3
{[%clk 0:08:45]} Nd5 {[%clk 0:39:23]} 28. Kh1 {[%clk 0:07:14]} Bh4
{[%clk 0:37:47]} 29. Rg1 {[%clk 0:03:24]} Re8 {[%clk 0:34:11]} 30. e4
{[%clk 0:02:20]} Qe3 {[%clk 0:29:53]} 31. Ra3 {[%clk 0:01:14]} Nc3
{[%clk 0:27:37]} 32. Qf1 {[%clk 0:00:36]} Bf2 {[%clk 0:21:23]} 33. Rxc3
{[%clk 0:00:47]} Rxc3 {[%clk 0:18:35]} 34. Bxc3 {[%clk 0:01:06]} Bxg1
{[%clk 0:18:58]} 35. Bd4 {[%clk 0:01:22]} Qb3 {[%clk 0:18:28]} 36. Bxg1
{[%clk 0:00:55]} Qxa4 {[%clk 0:18:14]} 37. Nxd6 {[%clk 0:00:43]} Rb8
{[%clk 0:17:59]} 38. Qc4 {[%clk 0:00:38]} Qd1 {[%clk 0:12:28]} 39. Qd3
{[%clk 0:00:34]} Qc1 {[%clk 0:10:26]} 40. Ba2 {[%clk 0:00:33]} Qf4
{[%clk 0:08:16]} 41. Nxf7 {[%clk 0:00:34]} Nb4 {[%clk 0:07:28]} 42. Ne5+
{[%clk 0:00:44]} Kh8 {[%clk 0:07:45]} 43. Nf7+ {[%clk 0:00:36]} Kg8
{[%clk 0:08:03]} 44. Qc4 {[%clk 0:00:34]} Qf3+ {[%clk 0:06:42]} 45. Kh2
{[%clk 0:00:55]} Nd5 {[%clk 0:02:56]} 46. Bd4 {[%clk 0:00:32]} Rxb2+
{[%clk 0:02:29]} 47. Bxb2 {[%clk 0:00:45]} Qf2+ {[%clk 0:02:37]} 48. Kh1
{[%clk 0:01:09]} Qe1+ {[%clk 0:02:52]} 1/2-1/2

[Event "XIII Open Internacional Marques de Pombal"]
[Site "EXPOCENTRO - POMBAL"]
[Date "2022.10.09"]
[Round "6.3"]
[White "Padeiro, Jose Joao Tato"]
[Black "Povshednyi, Ivan"]
[Result "1/2-1/2"]
[BlackElo "2140"]
[WhiteElo "2215"]
[LiveChessVersion "1.4.8"]

1. Nf3 {[%clk 1:30:54]} d5 {[%clk 1:30:39]} 2. c4 {[%clk 1:31:16]} e6
{[%clk 1:31:02]} 3. b3 {[%clk 1:31:40]} Nf6 {[%clk 1:31:24]} 4. Bb2
{[%clk 1:32:02]} c5 {[%clk 1:31:33]} 5. e3 {[%clk 1:32:22]} Nc6 {[%clk 1:31:50]}
6. cxd5 {[%clk 1:32:28]} exd5 {[%clk 1:32:10]} 7. Bb5 {[%clk 1:32:47]} Bd6
{[%clk 1:32:28]} 8. O-O {[%clk 1:32:36]} O-O {[%clk 1:32:49]} 9. d4
{[%clk 1:32:48]} cxd4 {[%clk 1:33:10]} 10. Nxd4 {[%clk 1:33:13]} Bc7
{[%clk 1:33:25]} 11. Nc3 {[%clk 1:28:35]} Qd6 {[%clk 1:26:20]} 12. g3
{[%clk 1:28:44]} a6 {[%clk 1:25:35]} 13. Be2 {[%clk 1:28:36]} Bh3
{[%clk 1:25:50]} 14. Re1 {[%clk 1:29:02]} Rfe8 {[%clk 1:10:46]} 15. Rc1
{[%clk 1:26:50]} Ba5 {[%clk 1:09:14]} 16. a3 {[%clk 1:23:51]} Bxc3
{[%clk 1:08:33]} 17. Rxc3 {[%clk 1:13:10]} Ne4 {[%clk 1:05:47]} 18. Rc2
{[%clk 1:13:00]} Qh6 {[%clk 0:55:04]} 19. Nxc6 {[%clk 1:03:04]} bxc6
{[%clk 0:55:04]} 20. Qd4 {[%clk 0:53:58]} c5 {[%clk 0:24:28]} 21. Rxc5
{[%clk 0:53:30]} Nxc5 {[%clk 0:24:05]} 22. Qxc5 {[%clk 0:53:56]} Rac8
{[%clk 0:18:20]} 23. Qd4 {[%clk 0:53:05]} Bf5 {[%clk 0:13:49]} 24. Bf3
{[%clk 0:33:39]} Be4 {[%clk 0:13:30]} 25. Bxe4 {[%clk 0:33:29]} dxe4
{[%clk 0:13:51]} 26. Rd1 {[%clk 0:32:36]} Qg6 {[%clk 0:13:23]} 27. Qd7
{[%clk 0:18:49]} Qe6 {[%clk 0:09:17]} 28. Qxe6 {[%clk 0:19:15]} Rxe6
{[%clk 0:09:38]} 29. Rd5 {[%clk 0:19:37]} h6 {[%clk 0:09:39]} 30. Kg2
{[%clk 0:18:55]} Rc2 {[%clk 0:09:12]} 31. Bd4 {[%clk 0:18:48]} Ra2
{[%clk 0:09:03]} 32. a4 {[%clk 0:13:15]} Ra3 {[%clk 0:08:01]} 33. h4
{[%clk 0:13:32]} Rxb3 {[%clk 0:06:25]} 34. h5 {[%clk 0:13:56]} Rd3
{[%clk 0:05:13]} 35. g4 {[%clk 0:12:23]} Kh7 {[%clk 0:04:37]} 36. Rd7
{[%clk 0:11:31]} f6 {[%clk 0:02:48]} 37. a5 {[%clk 0:11:02]} Rd2 {[%clk 0:02:12]}
38. Ra7 {[%clk 0:07:15]} Rc6 {[%clk 0:01:55]} 39. Kg3 {[%clk 0:07:33]} Ra2
{[%clk 0:01:21]} 40. Re7 {[%clk 0:02:07]} Rxa5 {[%clk 0:01:13]} 41. Rxe4
{[%clk 0:02:36]} Rc8 {[%clk 0:00:46]} 42. Re7 {[%clk 0:02:50]} Kg8
{[%clk 0:00:56]} 43. Ra7 {[%clk 0:02:47]} Ra2 {[%clk 0:00:42]} 44. f4
{[%clk 0:03:04]} Rd8 {[%clk 0:00:39]} 1/2-1/2

[Event "XIII Open Internacional Marques de Pombal"]
[Site "EXPOCENTRO - POMBAL"]
[Date "2022.10.09"]
[Round "6.4"]
[White "Goncalves, Samuel Jesus Pereira"]
[Black "Paiva, Manuel Maria Fonseca"]
[Result "0-1"]
[BlackElo "1451"]
[WhiteElo "2072"]
[LiveChessVersion "1.4.8"]

1. d4 {[%clk 1:30:57]} Nf6 {[%clk 1:30:41]} 2. Nf3 {[%clk 1:31:14]} g6
{[%clk 1:30:34]} 3. Nc3 {[%clk 1:31:34]} d5 {[%clk 1:28:55]} 4. Bf4
{[%clk 1:31:35]} Bg7 {[%clk 1:28:21]} 5. Nb5 {[%clk 1:27:46]} Na6
{[%clk 1:28:29]} 6. e3 {[%clk 1:27:39]} Ne4 {[%clk 1:17:43]} 7. Be2
{[%clk 1:08:30]} c6 {[%clk 1:13:14]} 8. Na3 {[%clk 1:06:59]} Qa5+
{[%clk 1:09:44]} 9. c3 {[%clk 1:07:04]} O-O {[%clk 1:05:18]} 10. Qb3
{[%clk 1:05:44]} Qb6 {[%clk 0:59:26]} 11. Nb1 {[%clk 1:00:29]} Bg4
{[%clk 0:54:17]} 12. Nbd2 {[%clk 0:58:44]} Nxd2 {[%clk 0:52:51]} 13. Kxd2
{[%clk 0:57:02]} c5 {[%clk 0:44:28]} 14. Qxb6 {[%clk 0:54:12]} axb6
{[%clk 0:44:49]} 15. h3 {[%clk 0:54:24]} Bxf3 {[%clk 0:39:34]} 16. Bxf3
{[%clk 0:54:11]} e6 {[%clk 0:39:55]} 17. Be2 {[%clk 0:50:41]} Rfc8
{[%clk 0:37:19]} 18. Rhb1 {[%clk 0:39:47]} Nb8 {[%clk 0:35:10]} 19. b4
{[%clk 0:38:07]} c4 {[%clk 0:33:54]} 20. a4 {[%clk 0:35:30]} Nc6 {[%clk 0:32:18]}
21. Ra3 {[%clk 0:30:54]} Ra7 {[%clk 0:29:40]} 22. Rba1 {[%clk 0:24:48]} Rca8
{[%clk 0:26:33]} 23. e4 {[%clk 0:21:37]} dxe4 {[%clk 0:18:33]} 24. Be3
{[%clk 0:17:56]} Ne7 {[%clk 0:12:29]} 25. Bxc4 {[%clk 0:15:02]} Nd5
{[%clk 0:12:10]} 26. Be2 {[%clk 0:05:46]} f5 {[%clk 0:11:06]} 27. f3
{[%clk 0:04:04]} f4 {[%clk 0:09:56]} 28. Bg1 {[%clk 0:04:29]} e3+
{[%clk 0:10:14]} 29. Kd3 {[%clk 0:03:44]} Rc8 {[%clk 0:07:06]} 30. Rb1
{[%clk 0:03:19]} b5 {[%clk 0:06:33]} 31. a5 {[%clk 0:03:48]} e5 {[%clk 0:06:29]}
32. Rbb3 {[%clk 0:02:17]} exd4 {[%clk 0:06:29]} 33. g3 {[%clk 0:01:23]} dxc3
{[%clk 0:06:08]} 34. Bd1 {[%clk 0:01:16]} Nxb4+ {[%clk 0:06:32]} 35. Rxb4
{[%clk 0:01:38]} Bf8 {[%clk 0:05:56]} 36. Rxc3 {[%clk 0:01:07]} Rd8+
{[%clk 0:05:03]} 37. Rd4 {[%clk 0:01:36]} Rxd4+ {[%clk 0:05:16]} 38. Kxd4
{[%clk 0:02:06]} Bg7+ {[%clk 0:05:32]} 39. Kd3 {[%clk 0:02:30]} Bxc3
{[%clk 0:05:48]} 40. Kxc3 {[%clk 0:02:53]} Rxa5 {[%clk 0:05:35]} 41. gxf4
{[%clk 0:03:05]} Ra1 {[%clk 0:05:24]} 42. Bb3+ {[%clk 0:03:26]} Kg7
{[%clk 0:05:43]} 43. Bxe3 {[%clk 0:03:53]} Rh1 {[%clk 0:04:26]} 44. Bd4+
{[%clk 0:03:37]} Kf8 {[%clk 0:04:49]} 45. Bd5 {[%clk 0:01:40]} Rxh3
{[%clk 0:04:55]} 46. Bxb7 {[%clk 0:02:06]} h5 {[%clk 0:04:12]} 47. Kd3
{[%clk 0:02:13]} Rh1 {[%clk 0:03:13]} 48. Ke3 {[%clk 0:01:44]} h4
{[%clk 0:02:22]} 49. Bc6 {[%clk 0:01:15]} Rc1 {[%clk 0:02:09]} 50. Bd7
{[%clk 0:01:00]} b4 {[%clk 0:01:26]} 51. f5 {[%clk 0:00:42]} Ke7 {[%clk 0:00:45]}
52. Ba4 {[%clk 0:00:39]} gxf5 {[%clk 0:00:50]} 53. Kf4 {[%clk 0:01:09]} Rc4
{[%clk 0:00:50]} 54. Ke3 {[%clk 0:01:13]} f4+ {[%clk 0:00:43]} 55. Kd3
{[%clk 0:01:17]} Rxd4+ {[%clk 0:01:01]} 0-1

[Event "XIII Open Internacional Marques de Pombal"]
[Site "EXPOCENTRO - POMBAL"]
[Date "2022.10.09"]
[Round "6.5"]
[White "Gomes, Micael"]
[Black "Almeida, Joao Pedro Dias"]
[Result "0-1"]
[BlackElo "1901"]
[WhiteElo "1516"]
[LiveChessVersion "1.4.8"]

1. e4 c5 2. Nf3 d6 3. d4 cxd4 4. Nxd4 Nf6 5. Nc3 a6 6. Bg5 e6 7. Bd3 Be7 8. f4
Nc6 9. Nxc6 bxc6 10. Qf3 d5 11. e5 Nd7 12. Bxe7 Qxe7 13. O-O Nc5 14. Qg4 g6 15.
Kh1 Rb8 16. Rab1 a5 17. Qe2 h5 18. Nd1 Nxd3 19. Qxd3 Qa7 20. Ne3 Rb4 21. b3 Rd4
22. Qc3 c5 23. Rbd1 O-O 24. Qb2 Re4 25. Qc1 Ba6 26. c4 d4 27. Nc2 Qa8 28. Ne1 Bb7
29. Qd2 h4 30. Nd3 h3 31. Kg1 hxg2 32. Rf2 Rc8 33. Rxg2 Re3 34. Rg5 Bf3 35. Re1
Qe4 36. Rxe3 dxe3 37. Qc3 Rd8 38. Ne1 Rd1 39. Rg3 Qxf4 40. Qxa5 Be2 41. Rxg6+
fxg6 42. Qa8+ Kg7 43. Qb7+ Kh6 0-1

[Event "XIII Open Internacional Marques de Pombal"]
[Site "EXPOCENTRO - POMBAL"]
[Date "2022.10.09"]
[Round "6.6"]
[White "Gori, Andrea"]
[Black "Gama, Joao Tiago Corregedor"]
[Result "1-0"]
[BlackElo "1685"]
[WhiteElo "1982"]
[LiveChessVersion "1.4.8"]

1. e4 {[%clk 1:30:53]} c6 {[%clk 1:30:58]} 2. d4 {[%clk 1:29:43]} d5
{[%clk 1:30:54]} 3. Nc3 {[%clk 1:30:05]} dxe4 {[%clk 1:31:20]} 4. Nxe4
{[%clk 1:30:24]} Bf5 {[%clk 1:31:45]} 5. Ng3 {[%clk 1:29:17]} Bg6
{[%clk 1:32:07]} 6. f4 {[%clk 1:24:27]} e6 {[%clk 1:29:26]} 7. Nf3
{[%clk 1:23:20]} Nd7 {[%clk 1:28:48]} 8. h4 {[%clk 1:21:08]} h6 {[%clk 1:29:01]}
9. h5 {[%clk 1:20:58]} Bh7 {[%clk 1:29:26]} 10. Bd3 {[%clk 1:21:21]} Qc7
{[%clk 1:26:56]} 11. Bxh7 {[%clk 1:18:04]} Rxh7 {[%clk 1:27:24]} 12. Qd3
{[%clk 1:18:22]} Rh8 {[%clk 1:27:29]} 13. Ne5 {[%clk 1:15:36]} Nxe5
{[%clk 1:26:18]} 14. fxe5 {[%clk 1:15:21]} O-O-O {[%clk 1:26:16]} 15. O-O Bc5
{[%clk 1:23:10]} 16. Be3 {[%clk 1:05:16]} f6 {[%clk 1:12:37]} 17. Qc4
{[%clk 1:03:09]} Bb6 {[%clk 1:07:25]} 18. Qxe6+ {[%clk 1:00:33]} Qd7
{[%clk 1:07:50]} 19. Qxd7+ {[%clk 0:56:16]} Rxd7 {[%clk 1:08:16]} 20. Nf5
{[%clk 0:56:31]} fxe5 {[%clk 1:04:42]} 21. dxe5 {[%clk 0:56:44]} Bxe3+
{[%clk 1:05:06]} 22. Nxe3 {[%clk 0:57:02]} Ne7 {[%clk 1:05:28]} 23. c4
{[%clk 0:52:09]} g6 {[%clk 0:54:38]} 24. e6 {[%clk 0:46:47]} Rd6 {[%clk 0:54:33]}
25. hxg6 {[%clk 0:47:04]} Rxe6 {[%clk 0:52:58]} 26. g7 {[%clk 0:46:34]} Rg8
{[%clk 0:53:24]} 27. Rf8+ {[%clk 0:46:28]} Kc7 {[%clk 0:52:51]} 28. Nf5
{[%clk 0:46:36]} Re2 {[%clk 0:50:18]} 29. g3 {[%clk 0:41:06]} Kb6
{[%clk 0:45:45]} 30. Nxe7 {[%clk 0:38:32]} Rxg7 {[%clk 0:46:05]} 31. Nf5
{[%clk 0:38:45]} Rd7 {[%clk 0:46:08]} 32. b3 {[%clk 0:34:46]} Rdd2
{[%clk 0:45:18]} 33. Nh4 {[%clk 0:35:03]} a5 {[%clk 0:42:12]} 34. Rf3
{[%clk 0:28:19]} Kc5 {[%clk 0:24:54]} 35. a3 {[%clk 0:27:43]} Rb2
{[%clk 0:24:44]} 36. Raf1 {[%clk 0:26:00]} h5 {[%clk 0:20:50]} 37. Rd1
{[%clk 0:19:52]} Rec2 {[%clk 0:19:00]} 38. Rdd3 {[%clk 0:19:13]} Re2
{[%clk 0:18:10]} 39. Rf5+ {[%clk 0:18:05]} Kb6 {[%clk 0:18:29]} 40. Rf1
{[%clk 0:17:14]} Kc5 {[%clk 0:18:51]} 41. Rfd1 {[%clk 0:12:23]} Rec2
{[%clk 0:17:36]} 42. Re1 {[%clk 0:12:21]} Kb6 {[%clk 0:17:36]} 43. Rf3
{[%clk 0:12:16]} Kc5 {[%clk 0:16:46]} 44. Ree3 {[%clk 0:11:38]} Rb1+
{[%clk 0:16:37]} 45. Rf1 {[%clk 0:11:57]} Rbb2 {[%clk 0:17:04]} 46. Rf5+
{[%clk 0:09:16]} Kb6 {[%clk 0:16:58]} 47. a4 {[%clk 0:08:35]} Rb1+
{[%clk 0:16:46]} 48. Rf1 {[%clk 0:08:37]} Rbb2 {[%clk 0:17:10]} 49. Ref3
{[%clk 0:08:42]} Rd2 {[%clk 0:14:11]} 50. R1f2 {[%clk 0:05:47]} Rxf2
{[%clk 0:14:28]} 51. Rxf2 {[%clk 0:06:06]} Rxb3 {[%clk 0:14:55]} 52. Nf3
{[%clk 0:05:47]} Rc3 {[%clk 0:12:25]} 53. Kg2 {[%clk 0:04:14]} Rxc4
{[%clk 0:11:31]} 54. Ra2 {[%clk 0:04:36]} Rb4 {[%clk 0:09:42]} 55. Kh3
{[%clk 0:04:54]} Kc5 {[%clk 0:09:23]} 56. Ra1 {[%clk 0:04:01]} Kd5
{[%clk 0:09:32]} 57. Ne1 {[%clk 0:04:13]} Ke6 {[%clk 0:08:49]} 58. Nd3
{[%clk 0:04:20]} Rb6 {[%clk 0:07:32]} 59. Nf4+ {[%clk 0:04:28]} Kf5
{[%clk 0:07:23]} 60. Rc1 {[%clk 0:04:04]} Ra6 {[%clk 0:06:01]} 61. Nxh5
{[%clk 0:03:06]} Kg6 {[%clk 0:04:27]} 62. Rb1 {[%clk 0:03:09]} Kxh5
{[%clk 0:04:45]} 63. Rxb7 {[%clk 0:03:25]} Kg6 {[%clk 0:04:50]} 64. Rc7
{[%clk 0:03:40]} Kg5 {[%clk 0:04:55]} 65. g4 {[%clk 0:03:46]} Kg6
{[%clk 0:03:34]} 66. Kh4 {[%clk 0:04:09]} Kh6 {[%clk 0:03:59]} 67. Rc8
{[%clk 0:03:02]} Kg7 {[%clk 0:02:39]} 68. Kg5 {[%clk 0:03:15]} Rb6
{[%clk 0:02:08]} 69. Rc7+ {[%clk 0:03:10]} Kg8 {[%clk 0:02:29]} 70. Ra7
{[%clk 0:03:11]} Rb4 {[%clk 0:02:12]} 71. Rxa5 {[%clk 0:03:31]} c5
{[%clk 0:02:37]} 72. Kf5 {[%clk 0:02:06]} Kg7 {[%clk 0:02:12]} 73. g5
{[%clk 0:02:18]} c4 {[%clk 0:02:13]} 74. Ra7+ {[%clk 0:02:12]} Kg8
{[%clk 0:02:23]} 75. Ke4 {[%clk 0:02:27]} c3+ {[%clk 0:02:30]} 76. Kd3
{[%clk 0:02:48]} Rc4 {[%clk 0:02:32]} 77. Kc2 {[%clk 0:02:43]} Rc5
{[%clk 0:02:45]} 78. g6 {[%clk 0:01:50]} Rc6 {[%clk 0:02:46]} 79. Re7
{[%clk 0:01:49]} Rc4 {[%clk 0:01:13]} 80. a5 {[%clk 0:02:01]} Ra4
{[%clk 0:01:38]} 81. Re5 {[%clk 0:01:52]} Ra3 {[%clk 0:01:55]} 82. Rc5
{[%clk 0:01:15]} Kg7 {[%clk 0:02:10]} 83. Rg5 {[%clk 0:01:30]} Kg8
{[%clk 0:02:12]} 84. g7 {[%clk 0:01:47]} Ra1 {[%clk 0:01:34]} 85. Kxc3
{[%clk 0:02:07]} Ra2 {[%clk 0:01:23]} 86. Kc4 {[%clk 0:02:18]} Rb2
{[%clk 0:00:51]} 87. Kc5 {[%clk 0:02:34]} Ra2 {[%clk 0:00:38]} 88. Kb6
{[%clk 0:02:53]} Rb2+ {[%clk 0:01:01]} 89. Ka7 {[%clk 0:03:11]} Rb1
{[%clk 0:01:14]} 90. a6 {[%clk 0:03:28]} Rb2 {[%clk 0:01:34]} 91. Rg6
{[%clk 0:03:32]} Rb1 92. Rb6 {[%clk 0:03:32]} Rf1 {[%clk 0:02:12]} 93. Rb7
{[%clk 0:03:46]} Re1 {[%clk 0:01:10]} 94. Ka8 {[%clk 0:04:05]} Ra1
{[%clk 0:01:22]} 95. a7 {[%clk 0:04:12]} Kh7 {[%clk 0:00:59]} 96. Kb8
{[%clk 0:04:28]} Re1 {[%clk 0:00:44]} 97. a8=Q {[%clk 0:04:36]} Re8+
{[%clk 0:01:01]} 98. Ka7 {[%clk 0:04:55]} 1-0

[Event "XIII Open Internacional Marques de Pombal"]
[Site "EXPOCENTRO - POMBAL"]
[Date "2022.10.09"]
[Round "6.7"]
[White "Ferreira, Eduardo Jose Fernandes"]
[Black "Figueiredo, Mario Jose da Rocha"]
[Result "1/2-1/2"]
[BlackElo "1842"]
[WhiteElo "1641"]
[LiveChessVersion "1.4.8"]

1. e4 {[%clk 1:30:35]} e5 {[%clk 1:30:30]} 2. Nf3 {[%clk 1:30:54]} Nf6
{[%clk 1:28:46]} 3. Nxe5 {[%clk 1:30:32]} d6 {[%clk 1:29:10]} 4. Nf3
{[%clk 1:30:44]} Nxe4 {[%clk 1:29:34]} 5. d4 {[%clk 1:29:18]} d5 {[%clk 1:29:49]}
6. Bd3 {[%clk 1:29:28]} Bf5 {[%clk 1:29:56]} 7. O-O {[%clk 1:29:12]} Be7
{[%clk 1:29:41]} 8. Re1 {[%clk 1:28:25]} O-O {[%clk 1:29:50]} 9. c4
{[%clk 1:28:12]} c6 {[%clk 1:30:09]} 10. Nc3 {[%clk 1:27:23]} Nxc3
{[%clk 1:29:47]} 11. bxc3 {[%clk 1:27:17]} Bxd3 {[%clk 1:23:33]} 12. Qxd3
{[%clk 1:27:39]} dxc4 {[%clk 1:21:32]} 13. Qxc4 {[%clk 1:27:42]} Nd7
{[%clk 1:20:44]} 14. Bf4 {[%clk 1:20:20]} Nb6 {[%clk 1:08:02]} 15. Qb3
{[%clk 1:19:38]} Bf6 {[%clk 1:06:03]} 16. Rad1 {[%clk 1:10:36]} Qd5
{[%clk 1:03:11]} 17. Be5 {[%clk 1:05:49]} Bxe5 {[%clk 1:00:58]} 18. Rxe5
{[%clk 1:05:38]} Qxb3 {[%clk 1:00:59]} 19. axb3 {[%clk 1:06:00]} Rfe8
{[%clk 1:00:48]} 20. Rde1 {[%clk 1:06:07]} Kf8 {[%clk 1:00:12]} 21. c4
{[%clk 0:59:49]} f6 {[%clk 0:57:33]} 22. Rxe8+ {[%clk 0:59:26]} Rxe8
{[%clk 0:57:51]} 23. Rxe8+ {[%clk 0:59:14]} Kxe8 {[%clk 0:58:11]} 24. Kf1
{[%clk 0:59:32]} a5 {[%clk 0:57:46]} 25. Nd2 {[%clk 0:54:42]} a4 {[%clk 0:54:53]}
26. bxa4 {[%clk 0:54:37]} Nxa4 1/2-1/2

[Event "XIII Open Internacional Marques de Pombal"]
[Site "EXPOCENTRO - POMBAL"]
[Date "2022.10.09"]
[Round "6.8"]
[White "Morais, Vitor Mestre"]
[Black "Alves, Fernando Pereira Ribeiro"]
[Result "1-0"]
[BlackElo "1526"]
[WhiteElo "1802"]
[LiveChessVersion "1.4.8"]

1. Nf3 {[%clk 1:30:56]} d5 {[%clk 1:28:14]} 2. d4 {[%clk 1:31:17]} Bf5
{[%clk 1:28:21]} 3. Bf4 {[%clk 1:31:38]} Nf6 {[%clk 1:28:30]} 4. e3
{[%clk 1:32:01]} Nbd7 {[%clk 1:28:23]} 5. Be2 {[%clk 1:32:16]} h6
{[%clk 1:23:24]} 6. h3 {[%clk 1:32:28]} e6 {[%clk 1:23:08]} 7. O-O
{[%clk 1:32:52]} Bd6 {[%clk 1:18:07]} 8. Bh2 {[%clk 1:33:09]} Qe7
{[%clk 1:12:53]} 9. Nbd2 {[%clk 1:33:28]} Bxh2+ 10. Nxh2 e5 {[%clk 1:08:06]} 11.
c3 {[%clk 1:33:35]} O-O {[%clk 1:04:17]} 12. dxe5 {[%clk 1:33:40]} Nxe5
{[%clk 1:00:57]} 13. Nhf3 {[%clk 1:33:43]} Rad8 {[%clk 0:52:18]} 14. Nd4
{[%clk 1:33:57]} Bc8 {[%clk 0:51:59]} 15. Qc2 {[%clk 1:34:05]} Rfe8
{[%clk 0:38:17]} 16. Rae1 {[%clk 1:34:22]} c5 {[%clk 0:29:13]} 17. Nf5
{[%clk 1:34:38]} Qd7 {[%clk 0:29:17]} 18. Ng3 {[%clk 1:34:53]} c4
{[%clk 0:29:10]} 19. Rd1 {[%clk 1:33:57]} Qc6 {[%clk 0:26:15]} 20. Nf3
{[%clk 1:33:52]} Qc7 {[%clk 0:14:38]} 21. Nd4 {[%clk 1:32:26]} a6
{[%clk 0:10:56]} 22. Rfe1 {[%clk 1:32:37]} b5 {[%clk 0:10:53]} 23. Bf1
{[%clk 1:32:44]} Bb7 {[%clk 0:10:43]} 24. a3 {[%clk 1:30:45]} Nfd7
{[%clk 0:06:10]} 25. f4 {[%clk 1:27:24]} Ng6 {[%clk 0:05:13]} 26. Qf2
{[%clk 1:27:41]} Nc5 {[%clk 0:05:21]} 27. Qf3 {[%clk 1:26:30]} Ne4
{[%clk 0:02:54]} 28. Ngf5 {[%clk 1:25:01]} Qb6 {[%clk 0:01:23]} 29. g4
{[%clk 1:25:12]} Qf6 {[%clk 0:01:43]} 30. Re2 {[%clk 1:22:44]} Nh4
{[%clk 0:01:53]} 31. Nxh4 {[%clk 1:22:52]} Qxh4 {[%clk 0:02:14]} 32. Rg2
{[%clk 1:23:10]} Bc8 {[%clk 0:01:42]} 33. Ra1 {[%clk 1:16:32]} h5
{[%clk 0:01:39]} 34. a4 {[%clk 1:14:00]} f5 {[%clk 0:01:08]} 35. g5
{[%clk 1:12:30]} g6 {[%clk 0:01:18]} 36. axb5 {[%clk 1:12:52]} axb5
{[%clk 0:01:38]} 37. Nxb5 {[%clk 1:12:57]} Re6 {[%clk 0:01:52]} 38. Nd4
{[%clk 1:13:08]} Rb6 {[%clk 0:02:14]} 39. Rc2 {[%clk 1:07:35]} Ba6
{[%clk 0:01:42]} 40. Kh2 {[%clk 1:07:23]} Rdb8 {[%clk 0:01:44]} 41. Bg2
{[%clk 1:03:23]} Bc8 {[%clk 0:01:14]} 42. Ra2 {[%clk 1:03:17]} Bd7
{[%clk 0:01:25]} 43. Qe2 {[%clk 1:00:56]} Qg3+ {[%clk 0:01:18]} 44. Kh1
{[%clk 1:01:15]} Qxh3+ {[%clk 0:00:42]} 45. Bxh3 {[%clk 1:01:22]} Ng3+
{[%clk 0:00:56]} 46. Kh2 {[%clk 1:01:31]} Nxe2 {[%clk 0:01:23]} 47. Rxe2
{[%clk 1:01:44]} Be8 {[%clk 0:00:38]} 48. Bg2 {[%clk 1:01:57]} Bf7
{[%clk 0:00:56]} 49. Kg3 {[%clk 1:01:57]} R8b7 {[%clk 0:01:02]} 50. Rd2
{[%clk 1:02:07]} Re7 {[%clk 0:01:19]} 51. Kf2 {[%clk 1:02:20]} h4
{[%clk 0:01:25]} 52. Nf3 {[%clk 1:02:20]} Rb3 {[%clk 0:00:36]} 53. Nxh4
{[%clk 1:01:06]} Reb7 {[%clk 0:00:51]} 54. Nf3 {[%clk 1:01:20]} Rb8
{[%clk 0:00:34]} 55. Ne5 {[%clk 1:01:38]} 1-0